000 01301nam a2200265 4500
001 113832
003 DR-UNIBE
005 20250708152312.0
008 250707b |||||||| |||| 00| 0 spa d
020 _a9789945468649
040 _aBIBLIOTECA UNIBE
_bspa
_cBIBLIOTECA UNIBE
_erda
041 _aspa
082 _222
_a RD 372.7 T233ap
100 0 _aTaveras de Frías, Reyita
_eautor
_eeditor
_9112251
245 1 0 _aAprendamos matemática:
_btercer grado /
_cReyita Taveras de Frías
250 _aPrimera edición
260 _a Santo Domingo:
_b Alfa y Omega,
_c2006
300 _a173 páginas :
_bilustraciones a color :
_c27 x 21 cm
500 _aInformación sobre el autor al final de la obra, comentario de la misma en la contraportada
504 _aIncluye bibliografía
505 _aPresentación | Unidad 1. Conjunto de los números naturales | Unidad 2. Sistema de numeración decimal | Unidad 3. Números ordinales | Unidad 4. Sistema de numeración romano | Unidad 5. Operaciones matemáticas con números naturales | Unidad 6. Las fracciones | Unidad 7. Nuestro sistema monetario | Unidad 8. Geometría
650 7 _2lemb
_a Matemática
_x Enseñanza
_x Educación primaria
_9197176
710 1 0 _aEditora Alfa y Omega
_9197045
_ediseñador
_ediagramador
942 _2ddc
_cBK
999 _c113832
_d113832